000 00520nam a2200193 4500
003 IIN
005 20250429131447.0
008 250429s |||ad||| |||| 001 0 eng d
020 _a9789392242076
_cRs.995.00
040 _aIIN
082 _a610.73
_bKAT
100 _aJyoti Kathwal
245 _aTextbook of Nursing Foundation
_bfor GNM Nursing Students/
_cJyoti Kathwal
260 _aPunjab
_bVHS
_c2022
300 _axvi, 496 p.
_bcol. ill.
500 _aIncludes Index
650 _aNursing
_vFoundation
942 _cBOOK
999 _c1775
_d1775